| 000 | 00668nam a2200181 a 4500 | ||
|---|---|---|---|
| 001 | 2335 | ||
| 003 | CDMR | ||
| 005 | 20130523183100.0 | ||
| 008 | 130130s1996||||||||||||||||||||||||||||d | ||
| 020 | _a8439340591 | ||
| 040 |
_aCDMR _bcat _cCDMR |
||
| 100 | 1 |
_aMartí Martí, Josep Maria _9498 |
|
| 245 | 1 | 3 |
_aLa ràdio a Catalunya _b: estructura del sistema radiodifusor català _cJosep Maria Martí ; amb la col·laboració de Montse Bonet, Juan José Perona i Montse Salvador |
| 260 |
_aBarcelona _c1996 _bGeneralitat de Catalunya. Centre d'Investigació de la Comunicació |
||
| 650 | 0 | 4 |
_93105 _aRadiodifusió _zCatalunya |
| 700 | 1 |
_91788 _aBonet, Montse |
|
| 942 |
_cMON _2udc |
||
| 999 |
_c2335 _d2335 |
||